Statistics for Movies That Start With U

Click here to take the quiz!

General Stats

  • This quiz has been taken 134 times
  • The average score is 2 of 11

Answer Stats

HintAnswer% Correct
Seventy-eight year old man travels to Paradise Falls in his home equipped with balloons, inadvertently taking a young stowawayUp
98%
Meta-score Bachelor and all round slob, Buck, babysits his brother's rebellious teenage daughter and her cute younger brother and sisterUncle Buck
40%
A women walks into a gas station and is frightened by a strange, creepy attendant. She then quickly runs out after being tricked and when she pulls away in her car she is decapitated by an ax.Urban Legends
14%
A man heading to Vegas to pay off his gambling debt before the Russian mafia kills him is forced to stop in an Arizona town where everything that can go wrong does go wrong.U-Turn
10%
Three kids accidentally re-animate a mummy on Halloween.Under Wraps
9%
A lovelorn TV producer who, despite a long and arduous search for the perfect mate, is hopelessly single.Ugly Truth
8%
A wise-cracking husband and wife team of ex-Spies arrive in New Orleans on maternity leave with their baby girl. There they are hassled by muggers, the police and their FBI boss, who wants them to do just-one-more job.Undercover Blues
5%
A visiting dignitary, a CIA agent, a Nazi spy, Japanese tourists, an assassin and a group of "midget" actors from The Wizard of Oz (1939) all check into an elite Los Angeles hotel.Under The Rainbow
5%
The only normal member of a super-powered family feels left out and confused until he has the chance to use a talent of his own to save everyone.Up, Up, And Away!
5%
A group of Marines return to Vietnam with a news crew to relive their tragic war experiencesUnder Heavy Fire
2%
Character study about Mildred, an elderly woman who has spent her life caring for others. When her daughter finally leaves home, she finds that, for the first time in her life, she has nobody to worry about, but soon after, things change.Unhook the Stars
2%

Score Distribution

Percentile by Number Answered

Percent of People with Each Score

Your Score History

You have not taken this quiz